000 00855nam a2200241Ia 4500
003 OSt
005 20220923224920.0
006 a|||||r|||| 00| 0
007 ta
008 220922b |||||||| |||| 00| 0 hin d
024 _a253,590
037 _cTextual
040 _aARTS
_cARTS
_bhin
041 _2hin
_ahin
082 _aY:4582.236'N, 152P4
100 _aवरदराजन, सिद्धार्थ, संपा.
_9157127
245 0 _aगुजरात
_b हादसे की हक़ीक़त
246 _aGujarāta: hādase kī haक़īक़ta
260 _aनई दिल्ली
_b वाणी प्रकाशन
_c2004
300 _a413पृ.
_ccm.
942 _hY:4582.236'N, 152P4
_cTEXL
_2CC
999 _c374646
_d374646